000 01014cab a2200289 4500
001 ABS58211
008 090401t1998 xxu||||| |||| 00| 0 eng d
035 _a(Sirsi) u83494
041 _aeng
100 _aTanney, A.
245 _aTaking steps to pass the negligence test
260 _c1998
350 _a0
490 _aProperty Week
_v61(3) 23 January 1998, 29(1)
520 _aConsiders the case of "Lewisham Investment Partnership Ltd and another v Peter Morgan" (see Abstract 58079) and considers whether a surveyor`s determination in a rent valuation can be negligent if the figure is below a `permissible bracket`.
650 _aLEWISHAM INVESTMENT PARTNERSHIP LTD AND ANOTHER V PETER MORGAN
650 _aLIABILITY
650 _aNEGLIGENCE
650 _aPERMISSIBLE BRACKET
650 _aRENT REVIEWS
650 _aRENTAL VALUATION
650 _aVALUERS
690 _aMANAGEMENT-BUSINESS MANAGEMENT-PROFESSIONAL PRACTICE
700 _aShea, C.
942 _n0
948 _c03/02/1998
999 _c52738
_d52738